000
nam a22 7a 4500
999
_c
233236
_d
233236
003
Nust
005
20170306100243.0
008
170306b xxu||||| |||| 00| 0 eng d
040
_c
DLC
082
_a
891.4398 JAV
245
_a
3 زیروپوائنٹ
_c
جاوید چودھری
260
_a
Lahore :
_c
2007
300
_a
416p. :
_c
25cm
942
_2
ddc
_c
BK